Introduction to engineering: modeling and problem solving
Guardado en:
| Autor principal: | |
|---|---|
| Formato: | Libro |
| Lenguaje: | inglés |
| Publicado: |
Hoboken
John Wiley & Sons, Inc.
2009
|
| Materias: | |
| Etiquetas: |
Sin Etiquetas, Sea el primero en etiquetar este registro!
|
MARC
| LEADER | 00000nam$a2200000$$$4500 | ||
|---|---|---|---|
| 001 | 0104495 | ||
| 005 | 20240306135748.9 | ||
| 020 | |a 978-0471-43160-2 | ||
| 020 | |a 978-0-471-43160-2 | ||
| 041 | 0 | |a eng | |
| 044 | |a US | ||
| 245 | 1 | 0 | |a Introduction to engineering: modeling and problem solving |c Jay B. Brockman |
| 264 | 1 | |a Hoboken |b John Wiley & Sons, Inc. |c 2009 | |
| 300 | |a 588 s. | ||
| 610 | 2 | 0 | |a inžinieri |
| 610 | 2 | 0 | |a matematika |
| 610 | 2 | 0 | |a modelovanie |
| 610 | 2 | 0 | |a rozhodovanie |
| 610 | 2 | 0 | |a simulácia |
| 610 | 2 | 0 | |a modely matematické |
| 610 | 2 | 0 | |a analýzy |
| 100 | 1 | |a Brockman, Jay B. | |